| 000 | 00722ngm a22002770a 4500 | ||
|---|---|---|---|
| 001 | PT38844 | ||
| 003 | AR-LpoUNG | ||
| 005 | 20210201232328.0 | ||
| 007 | co ||u|||uuuuu | ||
| 008 | 191001s2006||||mx |||||||||||||||||spa d | ||
| 020 |
_a9701512189 _c$29 |
||
| 040 |
_aAR-LpoUNG _bspa _cAR-LpoUNG _eaacr |
||
| 041 | _aspa | ||
| 044 | _amx | ||
| 082 | 0 | _a005.4 387enc | |
| 100 | 1 | _aCeballos Sierra, Fco Javier | |
| 245 | 1 | 0 | _aEnciclopedia de Microsoft Visual Basic |
| 260 |
_aMéxico, D. F. : _bAlfaomega, _c2006. |
||
| 650 | 4 | _aINFORMATICA | |
| 650 | 4 | _aLENGUAJES DE PROGRAMACION | |
| 650 | 4 | _aPROGRAMACION DE COMPUTADORAS | |
| 650 | 4 | _aPROGRAMACION LINEAL | |
| 651 | 4 | _azz | |
| 905 | _a38844 | ||
| 942 | _cCDDVD | ||
| 999 |
_c53371 _d53371 |
||